| 000 | 00391 a2200169 4500 | ||
|---|---|---|---|
| 001 | 48122 | ||
| 020 | _a9788506504185 | ||
| 040 | _cAnchieta - Aquarius | ||
| 100 | _aTaylor, Brian | ||
| 240 | 1 | 0 |
_aThis world is a ball _lpor |
| 245 | 1 | 0 | _aThis world is a ball |
| 300 | _a23 | ||
| 362 | 0 | _a2006 | |
| 440 | 1 | _aMelhoramentos | |
| 650 | 4 | _aLiteratura infanto-juvenil em inglês | |
| 942 | _cBK | ||
| 999 |
_c48122 _d48122 |
||